Statistics for Communists or Fascists?

Click here to take the quiz!

General Stats

  • This quiz has been taken 139 times
  • The average score is 9 of 16

Answer Stats

QuestionAnswer% Correct
Centered around a single all-knowing partyBoth
77%
Their states are created with popular support, and are retrospectively hatedBoth
64%
Known to torture innocent people, without so much as a reason for arrestBoth
63%
Nearly all, if not all, implementations of it have either collapsed, failed, or dissolvedBoth
63%
In general, a terrible political, social, and economic systemBoth
62%
Most genuinely free nations have taken up arms against themBoth
61%
Built on an oligarchic and oppressive systemBoth
58%
Invaded Poland, sparking WWIIBoth
58%
Known to use slave laborBoth
58%
Known to ship off people to concentration campsBoth
58%
Known to be the most oppressive countries, everBoth
57%
Requires society to be purged of "undesirable" membersBoth
56%
Known for invading neighbors in search of more territoryBoth
52%
Known for their brutal treatment and senseless blaming of minoritiesBoth
48%
Claims to be the ideology of the people, but is in reality just for a select fewBoth
41%
Starves innocent people in order to steal their crop supplyBoth
32%

Score Distribution

Percentile by Number Answered

Percent of People with Each Score

Your Score History

You have not taken this quiz